000 00387nam a22001457a 4500
003 macl
005 20181104155417.0
008 181104b xxu||||| |||| 00| 0 eng d
040 _cmacl
100 _aRamesh Singh
_972415
245 _aINDIAN ECONOMY FOR CIVIL SERVICES EXAMINATION 10th edition
260 _aChennai
_bMcGrawHill
_c2018
650 _aEconomic
_973157
942 _2ddc
_cHIN
999 _c58540
_d58540